000 00417nam a2200181Ia 4500
005 20240823014123.0
008 240823s9999||||xx |||||||||||||| ||und||
041 _aENGLISH
082 _A625.7 P4
100 _aShahani P B
245 0 _aRoad Techniques
250 _a2nd
260 _c2004
_b"Khanna Publishders,"
_aNew Delhi
500 _aTRANSFERED
650 _aRoad
_bCivil
942 _cBK
999 _c169179
_d169179